000
00318nam a2200133Ia 4500
005
20260328104309.0
008
260328s9999||||xx |||||||||||||| ||und||
100
_a
Lee, Jaehong
245
0
_a
Campus Architecture /
_c
Jaehong Lee
260
_b
C3
300
_a
278 p.
650
_a
EDIFICACIONES ESCOLARES
942
_c
BK
999
_c
10866
_d
10866